000
00362nam a2200133Ia 4500
008
100328s9999 xx 000 0 und d
082
_b
33982
100
_a
कापसे रामा
245
_a
लेटिन आयोग
260
_b
गौरा
630
_a
लेटिन आयोग
730
_a
लेटिन आयोग
942
_c
BOOK
999
_c
524269
_d
524266